000 00957nam a22002417a 4500
005 20110510111435.0
008 110510t xxu||||| |||| 00| 0 eng d
010 _aENG-102414
020 _a9789380388427
_c995.00
035 _aEN-85947
037 _bDBAD/PUB
040 _aDPL
_bEng
082 _a155.33
100 _aSinha, Narendra Pratap
_927875
245 _aPsychology of gender and sexuality /
_cby Narendra Pratap Sinha
260 _aNew Delhi
_bDPS Publishing House
_c2011
270 _aRoom No. 213,7/28 Mahavir Street, Ansari Road, Daryaganj
_bNew Delhi
_e110002
_k011-23251264, 91-9811734184
_mprashant_pbd@yahoo.co.in
300 _aviii,296p.
_c22cm (Hb)
500 _aIncludes bibliographical references and index
650 _927887
942 _2ddc
_cEN
_h155.33
_mSIN
999 _c52268
_d52268